Statistics for Ancient Roman Names Popular Today (Girls)

Click here to take the quiz!

General Stats

  • This quiz has been taken 41 times
  • The average score is 6 of 39

Answer Stats

Answer% Correct
Julia
74%
Octavia
50%
Claudia
47%
Lucia
38%
Augusta
32%
Cornelia
29%
Livia
26%
Aurelia
24%
Flavia
21%
Paula
21%
Marcia
18%
Paulina
18%
Antonia
15%
Valentina
15%
Lucretia
12%
Martina
12%
Priscilla
12%
Augustina
9%
Camilla
9%
Drusilla
9%
Junia
9%
Marcella
9%
Valeria
9%
Alba
6%
Juliana
6%
Marina
6%
Nona
6%
Virginia
6%
Albina
3%
Antonina
3%
Hortensia
3%
Luciana
3%
Mariana
3%
Mariana
3%
Sabina
3%
Fabiola
0%
Herminia
0%
Tatiana
0%
Vita
0%

Score Distribution

Percentile by Number Answered

Percent of People with Each Score

Your Score History

You have not taken this quiz